00638nam a2200193 a 450000100100000000500170001000800410002702000150006804000250008308200130010810000300012124500810015125000120023226000360024430000210028004900090030195201170031099900170042700002496820200930023459.0110201s2000 ag r 000 0 spa d a9505563949 aDO-SdBNPbspacBNPHU ann*bnn*1 aRottenberg, Juana.95123714aLos nietos nos miran :bla abuelitud a fines de milenio /cJuana Rottenberg. a13a ed. aBuenos Aires :bGalerna,c2000. a125 p. ;c19 cm. aBNGR 001054708MOaGRbGRcCTd2011-02-08iLF1l0onn* nn*p24968-10r2020-06-25w2020-06-25y4ZPréstamo en sala c24461d24461